Statistics for Easy U.S. General Knowledge

Click here to take the quiz!

General Stats

  • This quiz has been taken 33,011 times
  • The average score is 16 of 20

Answer Stats

QuestionAnswer% Correct
What is the most well-known canyon in the United States?Grand Canyon
98%
What American city has the largest casino industry?Las Vegas
98%
What is the last name of Homer, Marge, Bart, Maggie, and Lisa?Simpson
97%
Who created the cartoon character Mickey Mouse?Walt Disney
96%
In what board game can you trade in 4 houses for a hotel?Monopoly
95%
What does the Hershey company make?Chocolate
92%
Who was President of the U.S. during the Civil War?Abraham Lincoln
91%
Which American auto companies are known as the "Big 3"?Ford
91%
What is the longest river in North America?Mississippi / Missouri
90%
What product was introduced by Steve Jobs in 2007?iPhone
89%
What is the city with the largest population in Illinois?Chicago
88%
What country attacked the United States on a "day that will live in infamy"?Japan
87%
What does the S stand for in ESPN?Sports
85%
Who ran against George W. Bush in the Presidential election of 2000?Al Gore
77%
During the Civil War, Union soldiers wore blue. What color did rebel soldiers wear?Gray
69%
Which American auto companies are known as the "Big 3"?General Motors
67%
Who is all-time leading scorer for the Cleveland Cavaliers?LeBron James
58%
What sport is played at Pebble Beach?Golf
54%
Which American auto companies are known as the "Big 3"?Chrysler
51%
What widely-disliked company is the largest provider of cable TV in the US?Comcast
39%

Score Distribution

Percentile by Number Answered

Percent of People with Each Score

Your Score History

You have not taken this quiz